00270nam a2200109Ia 4500008004100000100001900041245004100060250000800101260003500109300000800144650000800152191201s2009 xx 000 0 und d aGHOSH ROY, H J 0aText Book of Accounting for Managers a3rd aN.DelhibVayu Edu. Indiac2009 a636 aMBA